00329nam a2200145Ia 4500008004000000041000800040082001200048100001700060245002400077260004600101650001100147650000800158650000900166650000800175210210b1927 xxu||||| |||| 00| 0 eng d aeng a825/446 aHUDSON (W H) aGray and his poetry aLondonbGeorge G Harrap and Companyc1927 apoetry ahis aGray aand